El espacio : (Registro nro. 8322)

Detalles MARC
000 -LEADER
fixed length control field 00837nam a22002897a 4500
001 - CONTROL NUMBER
control field 0074
003 - CONTROL NUMBER IDENTIFIER
control field DO-SdBNP
005 - DATE AND TIME OF LATEST TRANSACTION
control field 20180124144900.0
007 - PHYSICAL DESCRIPTION FIXED FIELD--GENERAL INFORMATION
fixed length control field 0074
008 - FIXED-LENGTH DATA ELEMENTS--GENERAL INFORMATION
fixed length control field 151005b sp 1990 ||||| |||| 00| 0 spa d
020 ## - INTERNATIONAL STANDARD BOOK NUMBER
International Standard Book Number 9788476555606
040 ## - CATALOGING SOURCE
Original cataloging agency BPMSU
Language of cataloging spa
Transcribing agency BPMSU
092 ## - LOCALLY ASSIGNED DEWEY CALL NUMBER (OCLC)
Classification number xxxxxx
Item number xxxxxx
100 1# - MAIN ENTRY--PERSONAL NAME
Personal name Becklake, Sue
245 13 - TITLE STATEMENT
Title El espacio :
Remainder of title estrellas, planetas y naves espaciales /
Statement of responsibility, etc. Sue Becklake ; ilustración Brian Delf, Luciano Corbella
250 ## - EDITION STATEMENT
Edition statement 3a ed.
260 ## - PUBLICATION, DISTRIBUTION, ETC. (IMPRINT)
Place of publication, distribution, etc. España :
Name of publisher, distributor, etc. Plaza joven,
Date of publication, distribution, etc. 1990.
300 ## - PHYSICAL DESCRIPTION
Extent 64 p. :
Other physical details il.,
Dimensions 29 cm.
490 1# - SERIES STATEMENT
Series statement Ventana al mundo
500 ## - GENERAL NOTE
General note Incluye índice de nombres
700 12 - ADDED ENTRY--PERSONAL NAME
Personal name Delf, Brian,
Relator term il.
700 12 - ADDED ENTRY--PERSONAL NAME
Personal name Corbella, Luciano,
Relator term il.
830 #0 - SERIES ADDED ENTRY--UNIFORM TITLE
Uniform title Ventana al mundo
942 ## - ADDED ENTRY ELEMENTS (KOHA)
Source of classification or shelving scheme Dewey Decimal Classification
Koha item type Libros
945 ## - LOCAL PROCESSING INFORMATION (OCLC)
a Inventariado, 2018 /LP
956 ## - LOCAL ELECTRONIC LOCATION AND ACCESS (OCLC)
Host name Brenda Tavárez
Access number 10
Existencias
Withdrawn status Lost status Source of classification or shelving scheme Damaged status Not for loan Collection code Home library Current library Date acquired Source of acquisition Total Checkouts Barcode Date last seen Price effective from Koha item type
    Dewey Decimal Classification     Colección General Biblioteca Pública Metropolitana Salomé Ureña Biblioteca Pública Metropolitana Salomé Ureña 10/05/2015 FUNDI   BPMSU15100032 10/05/2015 10/05/2015 Libros